Najlepší obchodník pracuje jednoducho

Význam a prínos jednoduchosti v získavaní klienta. Obchodná zručnosť a organizačný talent. Tipy a jednoduché pravidlá z oblasti osobného rozvoja a úspechu skúsených obchodníkov.

Guardado en:
Detalles Bibliográficos
Autor principal: Burák, Emil
Formato: Capítulo de libro
Lenguaje:eslovaco
Materias:
Etiquetas: Agregar Etiqueta
Sin Etiquetas, Sea el primero en etiquetar este registro!

MARC

LEADER 00000naa a2200000 4500
001 0121925
005 20231006123641.4
041 0 |a slo 
044 |a SK 
245 1 0 |a Najlepší obchodník pracuje jednoducho  |c Emil Burák 
520 |a Význam a prínos jednoduchosti v získavaní klienta. Obchodná zručnosť a organizačný talent. Tipy a jednoduché pravidlá z oblasti osobného rozvoja a úspechu skúsených obchodníkov. 
610 2 0 |a marketing 
610 2 0 |a stratégia marketingová 
610 2 0 |a stratégia obchodná 
610 2 0 |a komunikácia marketingová 
610 2 0 |a nástroje marketingové 
610 2 0 |a produkty 
610 2 0 |a podpora predaja 
610 2 0 |a starostlivosť o zákazníkov 
100 1 |a Burák, Emil